<?xml version="1.0" encoding="UTF-8"?><?xml-stylesheet type="text/xsl" href="static/style.xsl"?><OAI-PMH xmlns="http://www.openarchives.org/OAI/2.0/" xmlns:xsi="http://www.w3.org/2001/XMLSchema-instance" xsi:schemaLocation="http://www.openarchives.org/OAI/2.0/ http://www.openarchives.org/OAI/2.0/OAI-PMH.xsd"><responseDate>2026-04-13T06:58:15Z</responseDate><request verb="GetRecord" identifier="oai:www.recercat.cat:10459.1/467867" metadataPrefix="marc">https://recercat.cat/oai/request</request><GetRecord><record><header><identifier>oai:recercat.cat:10459.1/467867</identifier><datestamp>2025-09-15T18:47:00Z</datestamp><setSpec>com_2072_3622</setSpec><setSpec>col_2072_479130</setSpec></header><metadata><record xmlns="http://www.loc.gov/MARC21/slim" xmlns:dcterms="http://purl.org/dc/terms/" xmlns:xsi="http://www.w3.org/2001/XMLSchema-instance" xmlns:doc="http://www.lyncode.com/xoai" xsi:schemaLocation="http://www.loc.gov/MARC21/slim http://www.loc.gov/standards/marcxml/schema/MARC21slim.xsd">
   <leader>00925njm 22002777a 4500</leader>
   <datafield ind2=" " ind1=" " tag="042">
      <subfield code="a">dc</subfield>
   </datafield>
   <datafield ind2=" " ind1=" " tag="720">
      <subfield code="a">Argelich Comelles, Cristina</subfield>
      <subfield code="e">author</subfield>
   </datafield>
   <datafield ind2=" " ind1=" " tag="260">
      <subfield code="c">2017</subfield>
   </datafield>
   <datafield ind2=" " ind1=" " tag="520">
      <subfield code="a">El objeto del presente trabajo consiste en el estudio de los defectos normativos que plantea la expropiación temporal del uso de viviendas vacías como mecanismo para constituir un arrendamiento. Estos se focalizan principalmente en el objeto de la expropiación, en la modificación del pago del justiprecio, y en problemas de índole competencial y de eficiencia. A estos efectos, se analizan unas alternativas de lege lata, centradas en la suspensión de los lanzamientos, el arrendamiento derivado de la dación en pago, el arrendamiento social previo a la ejecución hipotecaria y la cesión obligatoria de viviendas. Asimismo, se proponen unos instrumentos de lege ferenda compuestos por el arrendamiento forzoso constituido por fases, cuya fase final es la ejecución subsidiaria, la expropiación temporal del uso de viviendas articulada como un procedimiento especial, y la posibilidad de realizar un legal transplant de las formas de gestión de viviendas vacías cercanas al arrendamiento forzoso, previstas en el Reino Unido, Francia y Bélgica.</subfield>
   </datafield>
   <datafield tag="653" ind2=" " ind1=" ">
      <subfield code="a">Expropiación</subfield>
   </datafield>
   <datafield tag="653" ind2=" " ind1=" ">
      <subfield code="a">Arrendamiento forzoso</subfield>
   </datafield>
   <datafield tag="653" ind2=" " ind1=" ">
      <subfield code="a">Vulnerabilidad</subfield>
   </datafield>
   <datafield tag="653" ind2=" " ind1=" ">
      <subfield code="a">Ejecución hipotecaria</subfield>
   </datafield>
   <datafield ind2="0" ind1="0" tag="245">
      <subfield code="a">La expropiación temporal del uso de viviendas: ¿es posible revertir su fracaso?</subfield>
   </datafield>
   <datafield ind2="0" ind1="0" tag="245">
      <subfield code="a">The temporary expropriation of housing use: could its failure be reversed?</subfield>
   </datafield>
</record></metadata></record></GetRecord></OAI-PMH>